| 000 | 00916cam a22002531 4500 | ||
|---|---|---|---|
| 001 | 28211 | ||
| 003 | BD-RjUL | ||
| 005 | 20211209051243.0 | ||
| 008 | 140329s1966 gh abc 000 0 eng | ||
| 035 | _a(BD-RjUL)28292 | ||
| 040 |
_aDLC _cDLC _dDLC _dBD-RjUL _beng |
||
| 041 | _aeng | ||
| 082 | 0 | 0 |
_a966.7 _bREH 1966 |
| 100 | 1 |
_aReindorf, Carl Christian. _986393 |
|
| 245 | 1 | 4 |
_aThe history of the Gold Coast and Asante : _bbased on traditions and historical facts comprising a period of more than three centuries from about 1500 to 1860 / _cWith a biographical sketch by C. E. Reindorf. |
| 250 | _a[2d ed.] | ||
| 260 |
_aAccra : _bGhana Universities Press, _cc1966. |
||
| 300 |
_axvi, 349 p. : _billus., geneal. tables, map (on lining papers), ports. ; _c21 cm. |
||
| 650 | 0 |
_aMissions _zGhana. _986394 |
|
| 651 | 0 |
_aGhana _xHistory. _986395 |
|
| 942 |
_2ddc _cBK |
||
| 999 |
_c28211 _d28211 |
||